| 000 | 01194nam a22002417a 4500 | ||
|---|---|---|---|
| 999 |
_c7507 _d7507 |
||
| 003 | AR-CdUCM | ||
| 008 | 190320b ||||| |||| 00| 0 spa d | ||
| 040 |
_aMUNICIPALIDAD PROVINCIAL DEL CUSCO _cBIBLIOTECA MUNICIPAL DEL CUSCO |
||
| 082 |
_a331.34098561 / _bJ8 |
||
| 245 |
_aJuventud y cultura del emprendimiento en el Cusco : _b mejoramiento de los servicios municipales orientados a mejorar la inserción al mercado laboral de los jóvenes del Cusco / |
||
| 260 |
_aCusco : _bMunicipalidad Provincial de Cusco, _c2018. |
||
| 300 |
_a155 páginas ; _c28.5 cm. |
||
| 505 | _aContenido: Enfocando el problema: mercado laboral de los jóvenes en el Cusco -- ¿Cómo y porqué nace el proyecto?-- Tomando acción desde la municipalidad: soluciones y desafíos ... | ||
| 650 |
_aJóvenes - Trabajo - Perú - Cusco. _921187 |
||
| 650 |
_aMercado de trabajo - Perú - Cusco _921188 |
||
| 650 |
_aEstadística - Perú - Cusco _921189 |
||
| 650 |
_aMercado laboral - Cusco - Perú _921190 |
||
| 700 |
_aChávez Huamán, Erika _921191 |
||
| 700 |
_aMirano Sucñier, Braulio Eddy (Editores) _921192 |
||
| 710 |
_aMunicipalidad Provincial del Cusco _95084 |
||
| 942 |
_2ddc _cLIBROS |
||
| 945 | _alccs | ||